| 000 | 00588nam a2200205Ia 4500 | ||
|---|---|---|---|
| 005 | 20250326143539.0 | ||
| 008 | 250326s9999 xx 000 0 und d | ||
| 020 | _a81-203-2805-1 | ||
| 037 | _aTextbook | ||
| 040 |
_aFMSL _beng _cFMSL |
||
| 041 |
_aeng _2eng |
||
| 084 |
_aX:89Q P5 _qFMSL |
||
| 100 |
_aKrajewski L J _9319466 |
||
| 245 | 0 |
_aOperations management : processes and value chains _cKrajewski L J; Ritzman L P |
|
| 250 | _a7 | ||
| 260 |
_aNew Delhi _bNew Delhi, Prentice-Hall _c2005 |
||
| 300 | _a829p | ||
| 942 |
_cTB _hX:89Q P5 |
||
| 999 |
_c1300040 _d1300040 |
||